Giáo trình kinh doanh quốc tế

Gespeichert in:
Bibliographische Detailangaben
1. Verfasser: Pts.Đỗ Đức Bình
Format: Buch
Sprache:Vietnamese
Veröffentlicht: Giáo dục 1997
Tags: Tag hinzufügen
Keine Tags, Fügen Sie den ersten Tag hinzu!
Thư viện lưu trữ: Mạng thư viện Đại học Đà Nẵng
LEADER 00638nam a2200277 4500
001 000026121
003 1652
005 20150325120000.0
008 150325s vm 000 vie
020 |c 20000,0000 
040 |a NOTTS 
100 |a Pts.Đỗ Đức Bình 
245 |a Giáo trình kinh doanh quốc tế 
260 |b Giáo dục  |c 1997 
300 |a 315tr. ; 
OWN |a LTT 
999 |a From the UDN01 
TYP |a Monograph 
TYP |a Printed language 
980 |a Mạng thư viện Đại học Đà Nẵng